000 00478nam a2200157Ia 4500
003 OSt
005 20200617105722.0
008 190216s9999||||xx |||||||||||||| ||und||
040 _coclc
082 _a954
_bCHO/S
100 _aChopra, P N
_9632
245 0 _aA Social Cultural And Economic History Of India Vol 2 /
_cP N Chopra ; B N Puri ; M N Das
260 _bMacmillan,
_c1994.
_aMadras:
300 _a266p
942 _cBK
_2ddc
_h954
_iCHO/S
_k954
_mCHO/S
999 _c20615
_d20615